000 00293nam a2200121Ia 4500
008 190216s9999||||xx |||||||||||||| ||und||
100 _aPorwal L S
245 0 _aState Finances In India A Case Study
260 _bSulthan Chand&Sons
_c1971
300 _a237p
650 _aCommerce
942 _cBK
999 _c4644
_d4644